000 00505nam a2200169Ia 4500
999 _c28683
_d28683
003 OSt
005 20210105101746.0
008 190216s9999||||xx |||||||||||||| ||und||
040 _coclc
082 _a894.812301
_bSRE/K
100 _aSreekrishnapuram, Mohandas
_98125
245 0 _aKaichoondi /
_cMohandas Sreekrishnapuram
260 _bPoorna Publications,
_aKozhikode:
_c2005.
300 _a68p
650 _aMalayalam
942 _cBK
_2ddc
_h894.812301
_iSRE/K
_k894.812301
_mSRE/K